ბათუმის შოთა რუსთაველის სახელმწიფო უნივერსიტეტის ბიბლიოთეკა

Многомерные тауберовы теоремы для обобщенных функции (ბიბ.ჩანაწერი № 48168)

000 -LEADER
fixed length control field 00650nam a2200193Ia 4500
001 - CONTROL NUMBER
control field 15050
003 - CONTROL NUMBER IDENTIFIER
control field GE_BSU
008 - FIXED-LENGTH DATA ELEMENTS--GENERAL INFORMATION
fixed length control field 181216s||||||||xx |||||||||||||| ||und||
040 ## - CATALOGING SOURCE
Transcribing agency GE_BSU
080 ## - UNIVERSAL DECIMAL CLASSIFICATION NUMBER
Universal Decimal Classification number 517.982.4
100 ## - MAIN ENTRY--PERSONAL NAME
Personal name Владимиров.В.С. Дрожжинов,Ю.Н. Завьялов,Б.И.
245 ## - TITLE STATEMENT
Title Многомерные тауберовы теоремы для обобщенных функции
260 ## - PUBLICATION, DISTRIBUTION, ETC.
Place of publication, distribution, etc. Москва
260 ## - PUBLICATION, DISTRIBUTION, ETC.
Name of publisher, distributor, etc. Наука
260 ## - PUBLICATION, DISTRIBUTION, ETC.
Date of publication, distribution, etc. 1986
300 ## - PHYSICAL DESCRIPTION
Extent 304стр.22см.
653 ## - INDEX TERM--UNCONTROLLED
Uncontrolled term Многомерные тауберовы теоремы для обобщенных функции
942 ## - ADDED ENTRY ELEMENTS (KOHA)
Koha item type წიგნი
ეგზემპლარები
Withdrawn status Lost status Damaged status Not for loan Date acquired Barcode Date last seen Price effective from Koha item type
        2018-12-17 15221 2018-12-17 2018-12-17 წიგნი